| 000 | 01050cam a2200325 i 4500 | ||
|---|---|---|---|
| 001 | 0000643 | ||
| 003 | DO-SdBNP | ||
| 005 | 20241030121100.0 | ||
| 007 | 0000643 | ||
| 008 | 100514s 2011 gt a | 000 f spa | ||
| 015 | _a | ||
| 017 |
_a _b |
||
| 020 | _a9789929583009 | ||
| 035 | _a | ||
| 040 |
_aBPMSU _bspa _cBPMSU _e |
||
| 080 | _a | ||
| 082 | 4 |
_a839.313 _bA315d 2011 _222 |
|
| 100 | 1 |
_aAkkeren, Ruud Van _d1956- |
|
| 245 | 1 | 3 |
_aLa danza del tambor : _blos últimos días del calendario maya / _cRuud Van Akkeren ; traducción Eduardo Villaquirán Sterling |
| 260 |
_aGuatemala : _bPiedra Santa, _c2011. |
||
| 300 |
_a416 p. : _bil. ; _c21 cm |
||
| 500 | _aIncluye referencias bibliográficas y notas a pie de páginas. | ||
| 534 |
_pTítulo original : _tDe dans van de trom - een maya ritueel / |
||
| 590 | _aInventariado,2024/VM | ||
| 650 | 4 |
_a Novela holandesa _2 |
|
| 650 | 4 | _aLiteratura holandesa | |
| 700 | 1 |
_aVillaquirán Sterling, Eduardo _etraductor |
|
| 910 | _aVMateo V. Control de calidad. BPMSU | ||
| 942 |
_2ddc _cBK |
||
| 999 |
_c11279 _d11279 |
||